MARC

LEADER 00000nas a2200000 a 4500
001 ssj0001454306
003 WaSeSS
005 20200512172242.0
006 m d
007 cr n
008 941213d1994200unyuqx p s 0 a0eng c
010 |a  95660819  
022 |l 1083-4729  |y 1083-4729 
030 |a JMPRFA 
035 |a (WaSeSS)ssj0001454306 
037 |b NOVA Science Publishers, Inc., 6080 Jericho Turnpike, Suite 207, Commack, New York 11725-3401  |c $285.00 
040 |a GZM  |b eng  |c GZM  |d DLC  |d NSD  |d CAS  |d DLC  |d OCLCQ  |d OCLCF  |d DLC  |d OCLCO  |d AU@  |d COO  |d OCLCQ  |d WaSeSS 
042 |a pcc  |a nsdp 
050 0 0 |a TA2001  |b .J68 
082 0 0 |a 621.044  |2 20 
210 0 |a J. magnetohydrodyn. plasma res. 
222 0 |a Journal of magnetohydrodynamics and plasma research 
245 0 0 |a Journal of magnetohydrodynamics and plasma research  |h [electronic resource]. 
246 3 0 |a Magnetohydrodynamics and plasma research 
260 |a Commack, N.Y. :  |b NOVA Science Pub.,  |c ©1994- 
310 |a Four no. a year 
362 0 |a Vol. 4, no. 1/2- 
500 |a Title from cover. 
506 |a License restrictions may limit access. 
515 |a Some issues combined. 
588 |a Latest issue consulted: Vol. 4, no. 3/4, published in 1994. 
650 0 |a Plasma engineering  |v Periodicals. 
650 0 |a Magnetohydrodynamics  |v Periodicals. 
650 0 |a Magnetohydrodynamic generators  |v Periodicals. 
650 0 |a Electric power production  |x Magnetohydrodynamic generation  |v Periodicals. 
650 7 |a Electric power production  |x Magnetohydrodynamic generation.  |2 fast  |0 (OCoLC)fst00905495 
650 7 |a Magnetohydrodynamic generators.  |2 fast  |0 (OCoLC)fst01005862 
650 7 |a Magnetohydrodynamics.  |2 fast  |0 (OCoLC)fst01005872 
650 7 |a Plasma engineering.  |2 fast  |0 (OCoLC)fst01066322 
655 0 |a Electronic journals. 
780 0 0 |t Magnetohydrodynamics (New York, N.Y. : 1989)  |x 0891-9801  |w (DLC) 89647321  |w (OCoLC)15048928 
785 0 0 |a Journal of magnetohydrodynamics, plasma & space research  |x 1083-4729  |w (DLC) 2015210919  |w (OCoLC)95660819 
850 |a DLC 
856 4 0 |z Full text available from Research Library: 01/01/2011 to 10/31/2016  |u https://search.proquest.com/publication/2034836